Diverse Approaches and Definitions of the Term Culture

Prehľad definícií a modelov týkajúcich sa pojmu kultúra a rozmanitosť aspektov, ktoré sa pri definíciách zdôrazňujú.

Gespeichert in:
Bibliographische Detailangaben
1. Verfasser: Čiefová, Michaela, 1991-
Format: Buchkapitel
Sprache:Englisch
Schlagworte:
Tags: Tag hinzufügen
Keine Tags, Fügen Sie das erste Tag hinzu!

MARC

LEADER 00000naa$a2200000$$$4500
001 0251192
005 20240502074029.6
041 0 |a eng 
044 |a SK 
245 1 0 |a Diverse Approaches and Definitions of the Term Culture  |c Michaela Čiefová 
520 |a Prehľad definícií a modelov týkajúcich sa pojmu kultúra a rozmanitosť aspektov, ktoré sa pri definíciách zdôrazňujú. 
610 2 0 |a kultúra 
610 2 0 |a kulturológia 
610 2 0 |a definície 
610 2 0 |a pojmy 
100 1 |a Čiefová, Michaela, 1991-